|
|
|
|
| LEADER |
00000cam a2200000 7i4500 |
| 001 |
0000062821 |
| 005 |
20100223093000.0 |
| 008 |
090526s2008 at fre |
| 020 |
|
|
|a 1428223649
|
| 020 |
|
|
|a 9781428223646
|
| 090 |
0 |
0 |
|a PC2129.E5
|b J35 2007
|
| 100 |
1 |
|
|a Jansma, Kimberly ,
|d 1953- ,
|e author
|
| 245 |
1 |
0 |
|a Elementary French 2 :
|b custom edition for Santa Ana College
|c Kimberly Jansma and Margaret Ann Kassen
|
| 250 |
|
|
|a 4th ed
|
| 260 |
|
|
|a Australia :
|b Thomson ,
|c 2008
|
| 300 |
|
|
|a 1 (various paging) :
|b ill. (some col.) ;
|c 27 cm.
|
| 504 |
|
|
|a Includes bibliographical references and index
|
| 505 |
0 |
|
|a 1. Souvenirs -- 2. A la decouverte du monde francophone -- 3. La maison et la routine quotidienne -- 4. Voyager en France -- 5. Les jeunes face a l' avenir -- 6. La sante et le bonheur -- 7. La vie sentimentale
|
| 650 |
|
0 |
|a French language
|v Textbooks for foreign speakers
|x English
|
| 700 |
1 |
|
|a Kassen, Margaret Ann ,
|d 1954- ,
|e author
|
| 999 |
|
|
|a 1000128820
|b Book
|c OPEN SHELF (30 DAYS)
|e Gong Badak Campus
|